[Event "Candidates Tournament"]
[Site "Kazan"]
[Date "2011.05.19"]
[Round "3.1"]
[White "Grischuk, Alexander"]
[Black "Gelfand, Boris"]
[Result "1/2-1/2"]
[WhiteElo "2747"]
[BlackElo "2733"]
[Annotator "Krasenkow,M"]
[PlyCount "97"]
[EventDate "2011.05.05"]
[EventType "k.o."]
[EventRounds "3"]
[EventCountry "RUS"]
[SourceTitle "CBM 143"]
[Source "ChessBase"]
[SourceDate "2011.07.15"]
[SourceVersion "1"]
[SourceVersionDate "2011.07.15"]
[SourceQuality "1"]

1. d4 Nf6 2. c4 e6 3. Nf3 d5 4. Nc3 Be7 5. Bf4 O-O 6. Rc1 {Evading the main
discussion after} (6. e3 Nbd7 {, which was yet to appear on the stage in the
fifth game of the match.}) 6... c5 7. dxc5 Bxc5 8. e3 Nc6 9. a3 d4 {
Alternatives:} (9... dxc4) (9... a6) 10. exd4 (10. Nxd4 e5 $1 (10... Nxd4 $143
11. b4) 11. Nb3 Bxa3 $1 12. bxa3 exf4 13. Qxd8 Rxd8 14. exf4 Be6 15. f3 {
1/2 Kramnik,V (2710)-Beliavsky,A (2635)/Belgrade 1993/CBM 039/[Chekhov](33)}
Nd4 16. Nc5 Rac8 17. Nxe6 Nxe6 18. g3 g6 $44) 10... Nxd4 11. b4 (11. Ne5 {
is harmless, e.g.} b6 (11... Nc6 $5) 12. b4 Be7 13. Bd3 Bb7 14. O-O a5 15. Be3
axb4 16. axb4 Nc6 17. Nxc6 Bxc6 18. b5 Bb7 19. Bc2 Qc7 20. Na4 Nd7 21. Qe2 Nc5
$11 {1-0 Agrest,E (2554)-Berg,E (2348)/Stockholm 2000/CBM 074 ext (56)}) (11.
Be2 Qe7 $1 12. b4 (12. Nxd4 Rd8 13. Qc2 Bxd4 14. Nb5 e5 15. Nxd4 exf4 16. Rd1
Qe5 17. Nf3 Bf5 18. Nxe5 Bxc2 19. Rxd8+ Rxd8 20. Nf3 {1/2 Landa,K (2591)
-Vaganian,R (2617)/Bugojno 1999/CBM 074/[Donev] (41)} Ne4 $132) 12... Rd8 13.
Bd2 Bb6 $1 14. Nxd4 Bxd4 15. Qc2 b6 16. O-O Bb7 17. Rcd1 Bc6 $11 {1/2 Epishin,
V (2657)-Beliavsky,A (2618)/Germany 1999/EXT 2000 (49)}) 11... Nxf3+ 12. Qxf3
Bd4 (12... e5 13. Bg5 Be7 14. Rd1 Qe8 15. Bxf6 Bxf6 16. Bd3 Bd8 17. Be4 $14 {
0-1 Gausel,E (2555)-Ostenstad,B (2460)/Oslo 1998/EXT 1999 (31)}) 13. Nb5 (13.
Be2 e5 (13... a5 $5 14. Nb5 (14. O-O e5 15. Bg5 h6 16. Bxf6 Qxf6 17. Qxf6 gxf6
$11) 14... e5 15. Bg5 axb4 16. axb4 Ra2 17. Bxf6 {1/2 Shulman,Y (2566)
-Onischuk,Al (2649)/USA 2002/[Onischuk,Al; Shulman,Y]}) 14. Bg5 h6 15. Bxf6
Qxf6 16. Qxf6 gxf6 17. Nb5 Rd8 18. c5 a5 19. Nxd4 exd4 20. Bd3 (20. b5 d3 21.
Rd1 Bf5 22. Bf3 Rac8 23. c6 bxc6 24. Bxc6 Bd7 25. Rxd3 Re8+ $11) 20... axb4 21.
axb4 Ra2 22. O-O Be6 23. f3 f5 24. Rf2 Rda8 $11 {1/2 Zlochevskij,A (2469)
-Kruppa,Y (2572)/Ohrid 2001/CBM 084 (31)}) 13... e5 (13... Re8 $5 {needs
further tests:} 14. Bc7 {1/2 Steingrimsson,H (2569)-Meier,G (2650)/Baden Baden
GER 2011/The Week in Chess 863}) 14. Bg5 Re8 $146 {This novelty doesn't solve
all the problems.} (14... e4 15. Qg3 h6 (15... Nh5 16. Bxd8 $1 (16. Qh4 Bf6 17.
Bxf6 Nxf6 18. c5 $14) 16... Nxg3 17. Bg5 $1 Nxh1 18. Nxd4 $16 {[%csl Rh1] S.
Zagrebelny}) 16. Rd1 $1 hxg5 17. Rxd4 Bd7 18. Be2 a5 19. O-O $16 {1-0 Nielsen,
P (2628)-Beliavsky,A (2667)/Malmo/Copenhagen 2004/CBM 101/[Dautov] (56)}) 15.
Bxf6 e4 $1 {The point but the resulting ending is favourable for White.} 16.
Bxd8 exf3+ 17. Kd2 Rxd8 18. Nxd4 Rxd4+ 19. Kc3 ({White rejected} 19. Ke3 {
due to} Rd6 (19... fxg2 20. Bxg2 $14) {. Still, after} 20. c5 $1 {his chances
are preferable. His king finally finds a safe haven, and his queenside pawn
advantage becomes the main factor, e.g.} Rg6 (20... Re6+ 21. Kxf3 Rf6+ (21...
Bd7 22. Bd3 Bc6+ 23. Kg3) 22. Ke3 Re6+ 23. Kd4 $16) (20... Rf6 21. g3 $1 Bd7
22. Bc4 $14) 21. g3 Bg4 22. Bd3 $14) 19... fxg2 20. Bxg2 Rg4 21. Rhd1 (21. Bf3
Rf4 {- that's the difference!}) 21... Be6 22. Bxb7 Rxc4+ 23. Kb2 Rxc1 24. Rxc1
{[%mdl 4096]} (24. Kxc1 Rb8 25. Rd6 Kf8 26. Bg2 Ke7 27. Ra6 Rc8+ 28. Kd2 Rc7 {
, and Black should hold on.}) 24... Rd8 25. Kc3 (25. Rc5 $5 Kf8 (25... Rd2+ $6
26. Kc3 Rxf2 27. Ra5 Rxh2 28. Rxa7 {, and White's pawns are stronger}) 26. Kc3
$14 {[%cal Yc5a5] was a better but hardly sufficient attempt.}) 25... Kf8 26.
b5 Ke7 27. a4 Rd6 28. a5 Kd8 29. b6 Bc8 $1 30. Bxc8 Kxc8 31. Kb4+ Kb8 32. bxa7+
Ka8 33. Rc8+ Kxa7 34. Rc7+ Ka6 35. Rxf7 {Despite White's extra pawn, the
endgame is drawn.} Rg6 (35... g5 {was even simpler} 36. Rxh7 $140 Rf6) 36. h3
Rg2 37. f4 Rg3 38. f5 h5 39. h4 Rg4+ 40. Kc5 Rxh4 41. Rxg7 Rf4 42. Rg6+ (42.
Rg5 $144 h4 43. Kd6 h3 44. Rh5 h2 45. Ke6 Rf2 {. It is essential that Black's
pawn reaches h2.}) 42... Kxa5 43. Rg5 h4 44. Rh5 h3 45. Kd6 h2 46. f6+ Kb6 47.
Ke6 Rf2 48. f7 Re2+ 49. Kf6 (49. Kf6 Rf2+ 50. Kg7 Rg2+ 51. Kh7 Rf2 $11 {
- White's rook, tied to Black's h2-pawn, can't help his king.}) 1/2-1/2

[Event "Grenke Chess Classic 1st"]
[Site "Baden-Baden"]
[Date "2013.02.08"]
[Round "2"]
[White "Naiditsch, Arkadij"]
[Black "Adams, Michael"]
[Result "1-0"]
[WhiteElo "2716"]
[BlackElo "2725"]
[Annotator "Krasenkow,M"]
[PlyCount "157"]
[EventDate "2013.02.07"]
[EventType "tourn"]
[EventRounds "10"]
[EventCountry "GER"]
[EventCategory "19"]
[SourceTitle "CBM 153"]
[Source "ChessBase"]
[SourceDate "2013.03.14"]
[SourceVersion "1"]
[SourceVersionDate "2013.03.14"]
[SourceQuality "1"]

1. d4 Nf6 2. c4 e6 3. Nc3 Bb4 4. e3 O-O 5. Bd3 d5 6. Nf3 c5 7. O-O Nc6 8. cxd5
exd5 9. dxc5 Bxc5 10. h3 Qe7 (10... a6 {was examined in CBM 149, annotations
to Lahno - T.Kosintseva by GM A.Mikhalchishin. The text move, starting
counterplay in the centre at once, is quite possible, too.}) 11. b3 (11. a3 Rd8
12. b4 Bb6 13. Na4 Bc7 14. Bb2 Ne5 15. Rc1 Nxf3+ 16. Qxf3 Be5 17. Bd4 b6 18.
Nc3 Bxd4 19. exd4 a5 $132 {1/2 (98) Dimakiling,O (2453)-Vignesh,N (2230)
Chennai IND 2012}) 11... Rd8 12. Bb2 Ne4 {[%cal Yc8f5] The most appropriate
and active continuation.} (12... d4 {is a bit premature due to Black's
insufficient development:} 13. exd4 Nxd4 14. Na4 Nxf3+ 15. Qxf3 Bd4 16. Bxd4
Rxd4 17. Rad1 g6 18. Rfe1 Be6 19. Bc4 Rxd1 20. Qxd1 Rd8 21. Qf3 b6 22. Bxe6
fxe6 $14 {1/2 (79) Salem,A (2546)-Wei Yi (2418) Athens GRE 2012}) (12... a6 {
is too slow:} 13. Ne2 Be6 14. Ng5 h6 15. Nxe6 Qxe6 16. Rc1 Bb6 17. Bb1 Qd6 18.
Qd3 Bc7 19. g3 Qe7 20. Bxf6 Qxf6 21. Qh7+ Kf8 22. Nd4 Be5 23. Nf5 Ne7 24. f4
$36 {1/2 (56) Eljanov,P (2683)-Leko,P (2728) Saratov 2011}) (12... Be6 13. Ne2
Rac8 14. Nfd4 Ne4 {0-1 (63) Demianjuk,A (2324)-Smirnov,P (2599) Vladivostok
RUS 2012} 15. Nxe6 Qxe6 16. Nf4 $14) 13. Rc1 (13. Ne2 Nb4 14. Bb1 (14. Nfd4 Bd6
15. Nf4 Bxf4 16. exf4 {1/2 (37) Wojtaszek,R (2734)-Sasikiran,K (2676) New
Delhi IND 2012} Nxd3 17. Qxd3 Qf6 $132) 14... Bf5 15. Nfd4 (15. Ned4 Bg6 16. a3
Nc6 17. b4 Bb6 18. Ba2 a5 $132 {0-1 (39) Mkrtchian,L (2450)-Hou Yifan (2617)
Jermuk ARM 2012}) 15... Bg6 16. Nf4 Rac8 17. Qg4 Nf6 18. Qg5 Bxb1 19. Raxb1 h6
20. Qh4 Ne4 21. Qxe7 Bxe7 22. a3 {1/2 (22) Roiz,M (2651)-Fressinet,L (2700)
Porto Carras 2011}) (13. Qe2 Bf5 14. Rad1 a6 15. Na4 Ba7 16. Nd4 Bxd4 17. Bxd4
Qg5 18. f4 Nxd4 19. exd4 Qg6 20. Bxe4 Bxe4 21. Nc5 Re8 22. Qg4 b6 23. Qxg6 hxg6
24. Na4 Re6 25. Rc1 Rae8 {1/2 (25) Ghaem Maghami,E (2583)-Fressinet,L (2696)
Germany 2011}) 13... Bf5 14. Ne2 {[%cal Yf3d4,Ye2f4][%mdl 32]} Rac8 (14... Nxf2
15. Rxf2 Bxd3 {1/2 (52) Aleksandrov,A (2602)-Kravtsiv,M (2592) Nagpur IND 2012}
{runs into a nice exchange sacrifice:} 16. Rxc5 $1 Bxe2 17. Qxe2 Qxc5 18. Ng5 {
[%cal Re2h5]} d4 $8 (18... h6 $2 19. Rxf7 $1 d4 20. Rxg7+ $1) (18... f6 $2 19.
Qh5 $1) 19. Qh5 h6 20. Qxf7+ Kh8 21. Ne6 Qe5 22. Nxd8 Rxd8 23. exd4 Nxd4 24.
Qxb7 $16 {- White ends up with an extra pawn}) 15. Nf4 (15. Bb1 $5 Bg6 (15...
Ba3 16. Bxa3 Qxa3 17. Nfd4 Bg6 18. Nxc6 bxc6 19. Nf4 $14 {1-0 (40) Salem,A 
(2546)-Gundavaa,B (2519) Istanbul TUR 2012}) (15... h6 $5) (15... Bb6 $5) 16.
Nf4 Ba3 17. Bxa3 Qxa3 18. Nd4 Qb2 19. Nxc6 bxc6 20. Bxe4 Bxe4 21. Qd4 Qxd4 22.
exd4 $14 {1/2 (44) Nisipeanu,L (2647)-Grigoriants,S (2570) Moscow RUS 2012})
15... Ba3 {I don't like this bishop exchange. Of course, the rule that the
side with the isolated central pawn should not simplify the position has a lot
of exceptions but I don't believe this is the case.} (15... Bb6 $142 16. Qe2 h6
) 16. Qe2 Bg6 17. Rfd1 a6 18. Bb1 Bxb2 19. Qxb2 Nf6 20. Bxg6 hxg6 21. Rc2 {
The isolani on d5 is becoming weaker with every exchange.} Rc7 22. Rcd2 (22. b4
$142 $1 {[%cal Ya2a3]}) 22... Qc5 23. Nd3 {White aims to exchange another pair
of minor pieces but this time it is not the best solution as he trades his
active knight.} (23. Rc2 Qe7 24. b4 $36) 23... Qb6 24. Nde5 Nxe5 25. Qxe5 Re8
26. Qf4 Re4 $6 {But Black just blunders a pawn! On recapturing it, he will
come under attack.} (26... Qc5 $142 $1 {If} 27. g4 {then Black holds his
ground by means of} Qe7 {e.g.} 28. Kg2 (28. g5 $2 Ne4 29. Rxd5 $2 Nc3 {[%cal
Rc3e2]}) 28... Ne4 29. Rxd5 Rc2 30. Re5 Rxf2+ 31. Kg1 Qxe5 32. Qxe5 Rxe5 33.
Nxe5 Rxa2 34. Rd8+ Kh7 35. Nxf7 g5 $11) 27. Rxd5 $1 {[%mdl 64]} Rc8 $8 (27...
Rxf4 $2 28. Rd8+ Kh7 29. Ng5+ Kh6 30. exf4 {, and Black's king is in a mating
net!}) 28. Rd6 $1 Qa5 29. Qg3 Ree8 30. Ng5 Qxa2 31. Qh4 $6 {White sacrifices
his b3 pawn. It was probably better to keep it by means of} (31. b4 $36) 31...
Qxb3 32. R1d3 Qc4 33. R3d4 Qc1+ 34. Kh2 Qc7 35. Kg1 Qc1+ 36. Rd1 Qc4 37. e4 $5
{White takes a risk playing for a win.} Rc5 38. Rd8 Rc8 (38... Rce5 $5 39. R8d4
Qe2 40. f4 Rc5 41. e5 Rc2 42. Qg3 Nh5 43. Qg4 $13) 39. R8d6 Rc5 40. Rd8 Rc8 41.
R8d4 Qe2 42. Kh2 Rc5 43. Rd8 Rce5 44. f4 Rxd8 45. Rxd8+ Re8 46. Rd4 Qe3 {
Black has simplified the game but White keeps initiative for the pawn anyway.}
47. Rb4 Nh5 (47... b5 48. e5 Nh5 49. Nf3 $13 {[%cal Yf4f5]}) 48. e5 f6 (48...
a5 49. Re4 Qd2 50. f5 $44) 49. Nf3 a5 50. Rd4 fxe5 (50... b5 $5 51. Qg4 $132)
51. fxe5 Rf8 52. Re4 Qb6 53. Qg4 Qc6 54. Rd4 Qe8 55. Qg5 Kh7 56. Qe3 Rxf3 $2 {
Black loses patience. After} (56... a4 {the position remained unclear.} 57.
Ng5+ (57. g4 $4 Rxf3 58. Qxf3 Qxe5+) 57... Kg8 58. g4 {was not killing because
of} Nf6) 57. gxf3 {The fight is still very tense but finally White's rook
prevails over Black's knight:} Qe6 58. Rd6 Qa2+ 59. Rd2 Qe6 60. Rd6 Qa2+ 61.
Qd2 Qb3 (61... Qf7 $5) 62. e6 $6 (62. Kg2) 62... Qxf3 63. Rd3 Qc6 64. Qe3 a4
65. e7 Nf6 66. Kg1 b5 67. Rd4 Ne8 (67... Kg8 $142 68. Rd8+ Ne8) 68. Rf4 Qd5 69.
Kf2 Qc6 70. Ke1 Qh1+ 71. Kd2 Qd5+ 72. Kc1 Qg5 73. h4 Qd5 74. Kb2 Nd6 75. h5 $1
Qxh5 76. Rd4 Ne8 77. Rf4 Qh2+ 78. Qf2 a3+ 79. Ka2 {The general impression is
that Black has no safe equalising way in this line after all.} 1-0

[Event "Norway Chess 6th"]
[Site "Stavanger"]
[Date "2018.06.07"]
[Round "9"]
[White "Karjakin, Sergey"]
[Black "Anand, Viswanathan"]
[Result "0-1"]
[WhiteElo "2782"]
[BlackElo "2760"]
[Annotator "Krasenkow,M"]
[PlyCount "64"]
[EventDate "2018.05.28"]
[EventType "tourn"]
[EventRounds "9"]
[EventCountry "NOR"]
[EventCategory "22"]
[SourceTitle "CBM 185"]
[Source "ChessBase"]
[SourceDate "2018.07.13"]
[SourceVersion "1"]
[SourceVersionDate "2018.07.13"]
[SourceQuality "1"]

1. d4 {Fernandez,D} Nf6 2. c4 e6 3. Nf3 d5 4. Nc3 Be7 5. Bf4 O-O 6. e3 c5 7.
dxc5 Bxc5 8. Qc2 (8. cxd5 {Fernandez,D} Nxd5 9. Nxd5 exd5 10. a3 Nc6 11. Bd3 {
seems to me a completely logical question: Black has an IQP, and probably will
do so for the rest of the game. It is a difficult problem to resolve by
dynamic means, as White will simply meet ...d4 with e4 (even if there is no
trick such as taking and then Be3.) For instance, White was successful in the
following encounter:} Bb6 12. O-O Bg4 13. h3 Bh5 14. b4 a6 15. Rc1 d4 16. g4
Bg6 17. e4 Re8 18. Re1 Rc8 19. Bc4 $1 $14 {Svidler,P-Harikrishna,P Shenzhen
2017}) 8... Nc6 9. a3 {Fernandez,D: 'I do not believe that this move (if
followed by the next) is White's most critical idea.'} ({Previously I
commentated on a Tata Steel game for this site:} 9. Rd1 {Fernandez,D} Qa5 10.
a3 Re8 (10... Be7 {is more common now, and then} 11. Be2 {has a huge score for
White; indeed I suspect White is probably slightly better following} Ne4 12.
cxd5 Nxc3 13. bxc3 exd5 14. O-O $14) 11. Nd2 (11. Be2 e5 $15 {is the point})
11... e5 12. Bg5 Nd4 13. Qb1 $1 (13. Qc1 Bf5 {is liable to lead to a forced
draw.} 14. Bxf6 Nc2+ 15. Ke2 Nd4+ $11 {Carlsen, M-Nakamura,H Douglas 2017})
13... Bf5 14. Bd3 $14 {Mamedyarov,S-Anand,V Wijk aan Zee 2018}) 9... Qa5 10.
O-O-O (10. Ra2 $5 {(Fernandez,D) was the move chosen in a Topalov game, and it
might be a good try for an edge.} Be7 11. b4 Qd8 12. h3 b6 (12... d4 $1 $11)
13. cxd5 exd5 14. Be2 Be6 15. Ng5 Rc8 $6 16. Nxe6 fxe6 17. Ba6 $14 {Topalov,
V-Nakamura,H Saint Louis 2017}) (10. Nd2 {Fernandez,D} Bb4 $5 11. cxd5 exd5 12.
Nb3 Bxc3+ 13. bxc3 Qd8 $132 {Topalov,V-Nakamura, H Paris 2017, could have been
a decent try for an edge, notwithstanding that it ultimately failed}) 10... Ne4
$5 {A curious pawn sacrifice.} (10... Be7 {is the main move.}) 11. Nb5 {
This move became topical after two important games played in 1992.
Subsequently, it was considered nearly a refutation of 10...Ne4 but the
present game will certainly change that verdict.} (11. cxd5 $6 {is absolutely
harmless:} Nxc3 12. Qxc3 Qxc3+ 13. bxc3 Bxa3+ 14. Kc2 exd5 15. Rxd5 Be6 16. Rb5
{1-0 (43) Zoler,D (2548)-Kobrin,M (2291) Israel 2013} b6 $11) (11. Nb1 $6 {
is dubious:} f5 12. Bd3 Bd7 13. Bxe4 fxe4 14. Nfd2 Rxf4 $1 15. Nb3 Rxf2 16.
Qxf2 Qb6 17. Nxc5 Qxc5 18. Nc3 Rf8 19. Qe2 Ne5 20. cxd5 Nd3+ 21. Rxd3 Bb5 22.
Qg4 Bxd3 23. Qxe6+ Kh8 24. Re1 h6 25. d6 Rd8 $17 {1/2 (41) Farago,I (2533)
-Sibarevic,M (2363) Ljubljana 1999}) (11. Nxe4 {is the most principled
continuation, of course, but after} dxe4 12. Qxe4 (12. Nd2 e5 13. Nb3 Qb6 $13 {
Spasov S-Sergiev corr 1991}) 12... Bxa3 13. bxa3 Qxa3+ {it turns out that
White can't successfully avoid the perpetual check:} 14. Kd2 Rd8+ 15. Ke2 (15.
Bd3 $4 f5 $19) 15... Qb2+ 16. Rd2 (16. Ke1 Qc3+ 17. Ke2 (17. Nd2 $6 e5 18. Bg3
g6 {[%cal Yc8f5,Yc6b4] is unpleasant for White}) 17... Qb2+ 18. Ke1 Qc3+ {
1/2 (18) Quinn,M (2381)-Bruzon Batista,L (2534) Istanbul 2000}) 16... Rxd2+ 17.
Nxd2 e5 18. Bg3 (18. Bg5 {1-0 (34) Timoscenko,G (2510)-Mateus,M (2255)
Cappelle-la-Grande 1992} h6 19. Bh4 g5 20. Bg3 Bg4+ $1 21. Qxg4 Rd8 {is
favorable for Black}) 18... Bg4+ $1 19. Qxg4 Rd8 20. Kf3 Qxd2 21. Bh4 $8 f5 $1
22. Qg5 $1 ({the rest loses, e.g.} 22. Qh5 Qd1+ 23. Be2 Nd4+ 24. exd4 Qb3+)
22... Rd4 $1 23. g3 (23. exd4 Qc3+ 24. Ke2 Nxd4+ 25. Kd1 Qc2+ 26. Ke1 Qb1+ $11)
23... Qc2 $1 24. Kg2 Qe4+ (24... Rd2 $5) 25. Kh3 Qxh1 26. Bg2 Rxh4+ $1 27. gxh4
Qb1 28. h5 (28. Bxc6 bxc6 29. Qd8+ $11) 28... h6 29. Qg6 Kf8 30. Qd6+ (30. Bd5
Qf1+) 30... Ne7 {, and White has nothing better than} 31. Qd8+ (31. Qxe5 Qd1 {
, and Black is not worse}) 31... Kf7 32. Bd5+ Nxd5 33. Qxd5+ $11) 11... a6 $1 (
11... e5 $6 12. Rxd5 $5) 12. Nc7 e5 $1 13. Rxd5 $1 {Garry Kasparov's
improvement.} (13. Nxd5 {is met with} Nxf2 $1 {with a nearly forced draw:} (
13... exf4 $6 14. Qxe4 {is favorable for White, e.g.} fxe3 15. fxe3 h6 16. Nd4
Qd8 17. Bd3 f5 18. Qf4 Bd6 19. Qf2 Be5 20. Bc2 $16 {1-0 (47) Ivanchuk,V (2729)
-Karjakin,S (2760) Medias 2017}) (13... Bf5 14. Nxe5 Nxe5 15. Bxe5 Ng3 16. Bd3
Bxd3 17. Rxd3 Nxh1 18. b4 Qd8 19. Nf6+ gxf6 20. Rxd8 Rfxd8 21. Bxf6 Rd6 22. Be7
$18) 14. Ng5 Bf5 $1 15. Qxf2 (15. Qxf5 g6 $17) 15... exf4 16. Qxf4 Ne7 $1 17.
Nxe7+ Bxe7 18. Rd5 $1 Qe1+ 19. Rd1 Qa5 20. Rd5 Qe1+ 21. Rd1 {1/2 (21) Gelfand
Boris (2665)-Jussupow Artur (2655) Linares 1992 [Jussupow,A]}) 13... exf4 $146
{[%mdl 8] Wrong according to Kasparov but Anand has a different opinion, as we
see - and he is probably right! Other options for Black:} (13... f5 $2 14. Rxe5
$1 Nxe5 15. Bxe5 Ra7 $2 (15... Rb8 $142 $1 {G.Kasparov} 16. Nd5 Bd6 17. b4 $1
Qd8 18. c5 $16) 16. Nd5 $1 b6 17. Bd3 Bd7 18. b4 Qxa3+ 19. Bb2 Qa4 20. bxc5
bxc5 21. Ne5 Qxc2+ 22. Bxc2 Be6 23. Nf4 {1-0 (23) Kasparov,G (2780)-Vaganian,R
(2590) Debrecen 1992 EU-chT [Bulletin]}) (13... Bf5 $6 14. Nxa8 Ng3 15. e4 $1
Bxe4 16. Bd2 $18) (13... Qxc7 14. Qxe4 f5 15. Bxe5 $1 fxe4 16. Bxc7 Ba7 17. Ng5
$16 {0-1 (60) Alonso Garcia,R (2380)-Diaz,J (2445) Cuba 1993}) (13... Nf6 $5
14. Rxe5 $1 Nxe5 15. Bxe5 $16 {G.Kasparov}) (13... Nxf2 {G.Kasparov} 14. Qxf2 (
14. Ng5 $4 Qe1+) 14... Qxc7 15. Nxe5 Nxe5 16. Bxe5 Qb6 17. Bd4 (17. Rxc5 $143
Qxc5 18. Qg3 g6 19. Bd6 Qc6 20. Bxf8 Kxf8 $44 {1-0 (51) Turzo,A (2300)-Zymberi,
A (2150) Budapest 1996}) 17... Bxd4 18. Rxd4 $16) 14. Qxe4 Qxc7 15. Rxc5 fxe3
16. Bd3 g6 17. fxe3 ({Or} 17. Qxe3 b6 18. Rh5 $5 (18. Rg5 Be6 {, and White's
rook is placed awkwardly;} 19. h4 {is too slow due to} Rfe8 {[%cal Re6c4]})
18... Bg4 $1 19. Rh4 Bxf3 20. Qxf3 (20. gxf3 Ne5 $132) 20... Rad8 $132) 17...
Be6 $44 {White's extra pawn is not very important here. His pieces (especially
the c5 rook) are not placed well, and his king is more vulnerable than Black's.
} 18. Qh4 (18. Ng5 Qe7 19. Qh4 f5 {[%csl Rc5]} 20. Rd1 Rf7 $1 {, and Black
wins an exchange since} 21. b4 $2 a5 $1 {is clearly bad for White.}) 18... Rae8
(18... Qd6 $5 19. Ng5 h5 20. Qe4 $1 (20. Nxe6 $2 Qxd3 {[%cal Rd3e3]}) 20...
Rae8 21. Nxe6 Rxe6 22. Rd5 Qe7 23. Qf4 Rxe3 $11) 19. Be4 (19. Rd1 $5 $13) 19...
Qb6 20. Qh6 $1 f5 21. Ng5 Rf7 $1 22. Bd5 $1 (22. Nxf7 $2 Qxc5 23. Ng5 Re7 $17)
22... Bxd5 23. Rxd5 Qxe3+ 24. Kb1 Rfe7 $11 {As a result of complications,
Black has regained the pawn, and the position is roughly balanced.} 25. Rhd1
Qe2 26. h4 $4 {[%mdl 16384] A crazy decision. Black has strong centralisation
so such a flank "attack" has no chances of succeeding.} (26. Rd6 $5 Qxc4 27.
Rxg6+ hxg6 28. Qxg6+ {with perpetual check would be a logical outcome.}) 26...
Ne5 {[%cal Re5g4]} 27. Nf3 Qe4+ 28. Ka2 (28. Ka1 Ng4 29. Qc1 Ne3 $19) 28...
Qxc4+ 29. Ka1 Ng4 30. Qc1 Qxc1+ 31. Rxc1 Kg7 32. h5 $2 {[%mdl 8192] Blundering
a second pawn but Black is winning anyway, of course.} Nf6 0-1

[Event "Malmo"]
[Site "Malmo"]
[Date "1994.??.??"]
[Round "2"]
[White "Hansen, Curt"]
[Black "Ahlander, Bjorn"]
[Result "1-0"]
[WhiteElo "2580"]
[BlackElo "2415"]
[Annotator "Krasenkow,M"]
[PlyCount "63"]
[EventDate "1994.06.??"]
[EventType "tourn"]
[EventRounds "9"]
[EventCountry "SWE"]
[EventCategory "12"]
[SourceTitle "CBM 042"]
[Source "ChessBase"]
[SourceDate "1994.10.01"]
[SourceVersion "1"]
[SourceVersionDate "1994.10.01"]
[SourceQuality "1"]

1. c4 e6 2. Nc3 d5 3. d4 Be7 4. Nf3 Nf6 5. Bf4 O-O 6. e3 c5 7. dxc5 Bxc5 8. a3
Nc6 9. Qc2 Qa5 10. Rd1 Be7 11. Nd2 e5 12. Bg5 d4 13. Nb3 Qd8 14. exd4 exd4 15.
Be2 Ng4 16. Bxe7 Qxe7 17. Nxd4 Nxd4 $2 (17... Qh4 18. g3 Qh3 19. Qe4 Bd7 20.
Nf3 Qg2 21. Rf1 Rae8 22. Qf4 Nce5 $40 {Dreev,A-Kruppa,Yu/URS/1986/}) 18. Rxd4
Nxf2 $2 19. Kxf2 Qf6+ 20. Ke3 Bf5 21. Qd2 $1 $18 {/\ Bf3, Kf2} Rad8 22. Nd5
Rfe8+ 23. Kf2 Rxd5 24. Rxd5 Bd3+ 25. Bf3 Re2+ 26. Qxe2 Bxe2 27. Re1 $1 g5 28.
Kxe2 Qf4 29. Kd3 h6 30. h3 Qf6 31. Kc2 a6 32. Kb1 1-0